000 00720nam a2200217Ii 4500
003 JO-AjNU
008 230605s9999||||xx |||||||||||||| ||und||
017 _a2007/10/3082
020 _a978-9957-71-004-0
040 _aJO-AjNU
_bara
_erda
_cJO-AjNU
041 _aara
050 1 4 _aQA76.754.Y3796 2008
100 3 _aياسين، يوسف شنوت/ م مشارك زليخا امين كاتوت,
_eauthor
_929792
245 0 0 _aالبرمجيات الجاهزة
264 3 1 _aعمان:دار دجلة ، 2008
300 _a255ص
336 _atext
_btxt
_2rdacontent
337 _aunmediated
_bn
_2rdamedia
338 _avolume
_bnc
_2rdacarrier
650 4 _aالحاسبات الالكترونية-برامج
_929793
999 _aA11730
_c15298
_d15298